| 000 | 00676nam a22002297a 4500 | ||
|---|---|---|---|
| 005 | 20251108173102.0 | ||
| 008 | 250721s2000 xx 000 0 ara d | ||
| 082 | 1 | 4 | _a362.8/منه |
| 100 | 1 | _aبلقر، لانا | |
| 245 | 1 | 0 | _aمنهاج إستشارة الأصدقاء / |
| 264 | 1 |
_aعمان : _bمؤسسة إنقاذ الطفل، _c2000. |
|
| 300 | _a230ص | ||
| 650 | 1 | 7 | _aالمجتمع |
| 650 | 1 | 7 | _aالمشاكل الإجتماعية |
| 650 | 1 | 7 | _aالأطفال |
| 700 | 1 | _aغوشه، هلا | |
| 700 | 1 | _aبشناق، علياء | |
| 700 | 1 | _aعبد الدين، خالد | |
| 700 | 1 | _aالطيبي، خلود | |
| 942 |
_2ddc _cBK |
||
| 999 |
_c95705 _d95705 |
||